| 000 | 00423cam a2200169ua 4500 | ||
|---|---|---|---|
| 003 | OSt | ||
| 008 | 250328b |||||||| |||| 00| 0 eng d | ||
| 041 | _aeng | ||
| 082 |
_a621.902 _bBAS/DE |
||
| 100 |
_aBasu, S.K . _95906 |
||
| 245 | _aDesign of machine tools / | ||
| 250 | _a2 / | ||
| 260 |
_aNew Delhi : _bOxford & IBH Publishing company , _c1983. |
||
| 300 | _a377 ; . | ||
| 700 | 1 |
_aPaul, D.K . _97358 |
|
| 942 | _cBK | ||
| 999 |
_c7563 _d7563 |
||